[Event "Bergen Sommer op-A"]
[Site "Bergen"]
[Date "2005.08.03"]
[Round "4"]
[White "Agustsson, Hafsteinn"]
[Black "Karlsen, Terje"]
[Result "0-1"]
[WhiteElo "1634"]
[BlackElo "2028"]
[PlyCount "94"]
[EventDate "2005.07.31"]
[EventType "swiss"]
[EventRounds "6"]
[EventCountry "NOR"]
[SourceTitle "EXT 2006"]
[Source "ChessBase"]
[SourceDate "2005.11.24"]
[SourceVersion "1"]
[SourceVersionDate "2005.11.24"]
[SourceQuality "1"]

1. e4 Nf6 2. e5 Nd5 3. d4 d6 4. Nf3 dxe5 5. Nxe5 g6 6. Bc4 c6 7. Qf3 Be6 8. Nc3 Bg7 9. Nxd5 Bxd5 10. Bxd5 Qxd5 11. Qxd5 cxd5 12. 0-0 Nd7 13. Re1 Rc8 14. c3 e6 15. Bf4 Nxe5 16. Bxe5 Bxe5 17. Rxe5 Kd7 18. Rae1 b5 19. R5e3 Rc4 20. Rf3 Rf8 21. a3 h5 22. h4 Ke7 23. g3 Rfc8 24. Ree3 R8c7 25. Kg2 a5 26. b4 axb4 27. axb4 Ra7 28. Kh2 Ra1 29. Rd3 Rc1 30. Kg2 Rc6 31. Rfe3 Ra6 32. Re2 Ra3 33. Ree3 Ra2 34. Rf3 f6 35. Rfe3 Rcc2 36. Rf3 Re2 37. Rde3 e5 38. Rxe2 Rxe2 39. Re3 Rxe3 40. fxe3 exd4 41. cxd4 Ke6 42. Kf2 Kf5 43. Kf3 g5 44. Kf2 g4 45. Ke2 Ke4 46. Kd2 Kf3 47. Kd3 f5 0-1

[Event "Bergen Sommer op"]
[Site "Bergen"]
[Date "2004.08.05"]
[Round "5"]
[White "Miezis, Normunds"]
[Black "Karlsen, Terje"]
[Result "1-0"]
[WhiteElo "2528"]
[BlackElo "1972"]
[PlyCount "73"]
[EventDate "2004.08.01"]
[EventType "swiss"]
[EventRounds "6"]
[EventCountry "NOR"]
[SourceTitle "CBM 101 Extra"]
[Source "ChessBase"]
[SourceDate "2004.09.01"]
[SourceVersion "2"]
[SourceVersionDate "2004.09.01"]
[SourceQuality "1"]

1. c4 e5 2. Nc3 Nf6 3. g3 c6 4. Nf3 e4 5. Nd4 d5 6. cxd5 Qb6 7. Nb3 a5 8. d4 a4 9. Nc5 a3 10. Qb3 Qxb3 11. Nxb3 Bb4 12. dxc6 Nd5 13. Kd2 Nxc6 14. Kc2 axb2 15. Bxb2 Bxc3 16. Bxc3 Bf5 17. Kd2 0-0 18. Bg2 Rfe8 19. Rhc1 e3+ 20. fxe3 Be4 21. Bh3 Nxe3 22. Kxe3 Bg2+ 23. Kf2 Bxh3 24. Rd1 Rad8 25. Rd2 Rd5 26. Re1 Rf5+ 27. Kg1 Re3 28. d5 Nd8 29. Ba5 Re8 30. Bc7 Rf6 31. Nc5 b6 32. Nd3 g5 33. Nf2 Bd7 34. e4 Nb7 35. e5 Rf3 36. Ne4 Kg7 37. Nf6 1-0

[Event "Bergen Sommer op"]
[Site "Bergen"]
[Date "2004.08.03"]
[Round "3"]
[White "Karlsen, Terje"]
[Black "Pedersen, Thomas"]
[Result "1-0"]
[WhiteElo "1972"]
[BlackElo "1712"]
[PlyCount "41"]
[EventDate "2004.08.01"]
[EventType "swiss"]
[EventRounds "6"]
[EventCountry "NOR"]
[SourceTitle "CBM 101 Extra"]
[Source "ChessBase"]
[SourceDate "2004.09.01"]
[SourceVersion "2"]
[SourceVersionDate "2004.09.01"]
[SourceQuality "1"]

1. e4 a6 2. c4 c5 3. Nf3 Nc6 4. d4 cxd4 5. Nxd4 Nf6 6. Nc3 d6 7. Be2 e5 8. Nc2 Be6 9. 0-0 Be7 10. b3 0-0 11. Ba3 Qd7 12. Qd3 Ne8 13. Nd5 Rd8 14. Nxe7+ Qxe7 15. Ne3 Nd4 16. f4 Bd7 17. Nd5 Qh4 18. fxe5 dxe5 19. Be7 Nf6 20. Rxf6 gxf6 21. Bxf6 1-0

[Event "Molde"]
[Site "Molde"]
[Date "2004.07.08"]
[Round "7"]
[White "Karlsen, Terje"]
[Black "Bjerke, Silje"]
[Result "1/2-1/2"]
[WhiteElo "1972"]
[BlackElo "2025"]
[PlyCount "66"]
[EventDate "2004.07.03"]
[EventType "swiss"]
[EventRounds "8"]
[EventCountry "NOR"]
[SourceTitle "EXT 2008"]
[Source "ChessBase"]
[SourceDate "2007.11.25"]
[SourceVersion "1"]
[SourceVersionDate "2007.11.25"]
[SourceQuality "1"]

1. e4 c5 2. Nf3 d6 3. d4 cxd4 4. Nxd4 Nf6 5. Nc3 a6 6. Bc4 e6 7. Bb3 b5 8. Bg5 Be7 9. Qf3 Qd7 10. 0-0-0 Bb7 11. Qh3 Nc6 12. Rhe1 Nxd4 13. Rxd4 e5 14. Rd3 Qxh3 15. Rxh3 Rc8 16. Bxf6 Bxf6 17. Rd3 Be7 18. Bd5 Bc6 19. f3 g6 20. Kb1 b4 21. Bxc6+ Rxc6 22. Nd5 a5 23. a3 bxa3 24. Rxa3 Bd8 25. Ree3 f5 26. Rec3 Rxc3 27. Rxc3 Rf8 28. h3 fxe4 29. fxe4 Rf2 30. g4 Re2 31. Re3 Rh2 32. Rb3 Re2 33. Re3 Rh2 1/2-1/2

[Event "NOR-chT north 0304"]
[Site "Norway"]
[Date "2004.03.07"]
[Round "5.4"]
[White "Karlsen, Terje"]
[Black "Bern, Ivar"]
[Result "0-1"]
[WhiteElo "1919"]
[BlackElo "2343"]
[PlyCount "36"]
[EventDate "2004.01.??"]
[EventType "team"]
[EventRounds "5"]
[EventCountry "NOR"]
[SourceTitle "EXT 2006"]
[Source "ChessBase"]
[SourceDate "2005.11.24"]
[SourceVersion "1"]
[SourceVersionDate "2005.11.24"]
[SourceQuality "1"]

1. e4 g6 2. d4 Bg7 3. Nc3 c6 4. Be3 d5 5. Qd2 dxe4 6. Nxe4 Nd7 7. 0-0-0 Ngf6 8. f3 0-0 9. Nxf6+ Nxf6 10. Bh6 Bxh6 11. Qxh6 Be6 12. h4 Qd5 13. c4 Qa5 14. Kb1 b5 15. h5 bxc4 16. hxg6 c3 17. d5 Bf5+ 18. Bd3 Qb5 0-1

[Event "Rilton Cup 33rd"]
[Site "Stockholm"]
[Date "2003.12.28"]
[Round "2"]
[White "Paaske, Asger"]
[Black "Karlsen, Terje"]
[Result "1-0"]
[WhiteElo "2162"]
[BlackElo "2083"]
[PlyCount "51"]
[EventDate "2003.12.27"]
[EventType "swiss"]
[EventRounds "9"]
[EventCountry "SWE"]
[SourceTitle "CBM 097 Extra"]
[Source "ChessBase"]
[SourceDate "2004.01.13"]
[SourceVersion "1"]
[SourceVersionDate "2004.01.13"]
[SourceQuality "1"]

1. e4 c5 2. Nf3 Nc6 3. d4 cxd4 4. Nxd4 Nf6 5. Nc3 e5 6. Ndb5 d6 7. Bg5 a6 8. Na3 b5 9. Bxf6 gxf6 10. Nd5 Bg7 11. g3 0-0 12. Bg2 f5 13. exf5 Bxf5 14. c3 Be6 15. Nc2 Rb8 16. 0-0 Qd7 17. a4 bxa4 18. Rxa4 a5 19. Nce3 Rxb2 20. Rc4 Rc8 21. Qa4 Kf8 22. Rh4 Kg8 23. Nc4 Bxd5 24. Bxd5 Rbb8 25. Nxa5 Qa7 26. Nxc6 1-0

[Event "Oslo OSS IM"]
[Site "Oslo"]
[Date "2003.04.08"]
[Round "9"]
[White "Trygstad, Kristian J"]
[Black "Karlsen, Terje"]
[Result "1-0"]
[WhiteElo "2320"]
[BlackElo "2099"]
[PlyCount "47"]
[EventDate "2003.04.03"]
[EventType "tourn"]
[EventRounds "9"]
[EventCountry "NOR"]
[EventCategory "2"]
[SourceTitle "EXT 2004"]
[Source "ChessBase"]
[SourceDate "2003.11.25"]
[SourceVersion "1"]
[SourceVersionDate "2003.11.25"]
[SourceQuality "1"]

1. e4 e6 2. d4 d5 3. Nc3 Bb4 4. e5 Ne7 5. a3 Bxc3+ 6. bxc3 c5 7. Qg4 Ng6 8. h4 h5 9. Qg3 Nc6 10. Nf3 Nce7 11. Bd3 Bd7 12. dxc5 Nf5 13. Bxf5 exf5 14. Rb1 Qa5 15. 0-0 0-0-0 16. Ng5 f4 17. Bxf4 Nxf4 18. Qxf4 Rhf8 19. c6 Bxc6 20. Nxf7 Qxa3 21. Qf5+ Kc7 22. e6 Qe7 23. Qe5+ Kc8 24. Nxd8 1-0